000 03362nab a2200337 i 4500
003 BR-BrBNA
005 20240703160742.0
008 240703b2017 bl.|r|pooa||| 00| 0 por |
040 _aBR-BrBNA
_bpor
072 _aL70
_b5120
072 _aL74
100 _aCamplesi, A.C.
100 _aRivera, G.G.
100 _aBonacin, Y.S.
100 _aPaula, V.B.
100 _a Lacerda Neto, J.C.
100 _aMoya-Araujo, C.F.
245 _aAssociação de plasma sanguíneo ao tratamento de envenenamento botrópico em equino: relato de caso
500 _aPublicação online; 16 ref.; 2 tables; Summaries (En, Pt)
520 _a RESUMO - O presente trabalho tem por objetivo relatar um caso de envenenamento botrópico em um equino, fêmea, seis anos de idade, da raça Quarto de Milha, pesando 460kg, que foi atendido no hospital veterinário da FCAV/Unesp, Campus de Jaboticabal, SP. No exame clínico, observou-se aumento bilateral de narina, com extrema sensibilidade ao toque, presença das marcas da presa da serpente na região rostral de focinho, mucosas róseas com petéquias. No exame de sangue, pôde-se detectar alteração no tempo de coagulação sanguínea (>30 minutos). O animal permaneceu internado, sendo instituída a seguinte terapia: soro antiofídico polivalente, transfusão de plasma sanguíneo equino, fluidoterapia intensa, flunixin meglumine e sulfa associado ao trimetoprim. A associação da transfusão de plasma sanguíneo equino ao tratamento convencional foi de extrema importância para correção da coagulopatia causada pelo acidente ofídico. A égua apresentou melhora clínica e resolução do quadro de envenenamento após cinco dias da internação. Palavras-chave: bothrops, acidente ofídico, terapêutica
520 _a ABSTRACT - This study aims to report a case of blood plasma association with the treatment of bothrops poisoning in an equine, female, six years of age, Quarter Horses, weighing 460 kg, which was served in the veterinary hospital of the FCAV/UNESP, Jaboticabal/SP. Clinical examination showed bilateral increase in nostrils, with great sensitivity to touch, presence of snake prey marks the rostral region of the snout, mucous rosy and with petechiae. Blood samples showed changes in blood clotting time (> 30 minutes). The animal remained in hospitalization with the following treatment: polyvalent antivenom, blood plasma transfusion, intensive fluid therapy, flunexim meglumine and sulfa associated with trimethoprim. The association of transfusion equine blood plasma to conventional treatment was extremely important for correction of coagulopathy caused by snakebite. The mare showed clinical improvement and resolution of poisoning symptoms after five days of hospitalization. Keywords: bothrops, snakebites, terapeutic
650 _aEQUINO
650 _aVENENO
650 _aCOBRA
650 _aSORO
650 _aTRANSFUSÃO SANGUÍNEA
773 0 _01643
_9316242
_dBelo Horizonte-MG Universidade Federal de Minas Gerais - Escola de Veterinaria 1983
_o2024-2643
_tArquivo Brasileiro de Medicina Veterinária e Zootecnia (Brazil)
_x0102-0935
_gv. 69(4) p. 815-820; (2017)
_wBR2024001641
856 _uhttps://www.scielo.br/j/abmvz/a/9DtRXnyxCPX4rFDDFdVmR6K/?format=pdf&lang=pt
942 _cAnalítica
999 _c300382
_d300382